000
00266nam a2200097Ia 4500
008
220204s9999 xx 000 0 und d
082
_a
354.42(036)
_b
POS
245
0
_a
Post and telegraph guide. Part I
260
_b
Director General of Posts and Telegraphs
942
_c
BK
999
_c
19846
_d
19846